000 nam a22 a 4500
999 _c180510
_d180510
003 BLK
005 20230425155929.0
008 180411b bul|||||r ||||||| ||bul||
010 _aKNG00189367000
020 _a954-448-012-9
040 _aBLK
041 _aBUL
_cBUL
080 _aЯпонска литература
_b821.521
_x-322.4
_z821.521-322.4
100 1 _aИкенами Шотару
_eпърви автор
_972156
139 _aИкенами Шотару
_bИ 48
245 1 0 _aМайстор убиец
_bРазкази за убийства от града на Шогуна
_cИкенами Шотару; прев. Татяна Любомирова Колева.
257 _aJAP
260 _aСофия
_bЕдно плюс - Перо
_c1993
_fВраца : Полипринт
300 _a192 с.
_c20 см
380 _aX
490 _aСова
_v1
_9201892
500 _aПрев. от англ. изд. Master Assassin / Shotaro Ikenami ; Ориг. загл. на япон. ез. - Офс. изд. - Съдържа и за авт.
653 _aкрими
653 _aразкази
700 1 _aКолева, Татяна Любомирова
_eпрев.
_9342221
852 _aЦб 173845
_bЦб
856 4 _qpdf
_i0.00
_ldisable
856 4 _qpdf
_i0.00
_ldisable
942 _cKNG
_n0
_s1
944 _aCR
_c22.07.2016
_lф /
_kВиолета_Тройчева
944 _aED
_c09.06.2017
_lф /
_kЛюдмила_Стоянова
999 _d180510